000
00295nam a22001337a 4500
008
180820b xxu||||| |||| 00| 0 eng d
020
_a
9780071777520
041
_a
eng
080
_a
338
100
_a
53
101
_a
MAN
245
_a
PRINCIPLES OF ACCOUTING
_c
LERNER.J.J
942
_2
udc
_c
BK
999
_c
47210
_d
47210